000
00258nam a22001097a 4500
999
_c
4409
_d
4409
008
250217b ||||| |||| 00| 0 eng d
082
_a
800
100
_a
BANCROFT,JESSICA
_e
AUTHOR
245
_a
WILMA THE WHALE
260
_b
ONE THIRD STORIES BOOK
942
_2
ddc